| Поле | Инд. | ПП | Название | Значение |
|---|---|---|---|---|
| Тип записи | a | |||
| Библиографический уровень | m | |||
| 001 | Контрольный номер | ac392442-d9cd-11da-b02a-008048b56a28 | ||
| 005 | Дата корректировки | 20140703144124.2 | ||
| 008 | Кодируемые данные | 060502 | ||
| 020 | a | ISBN | 5-98227-095-4 | |
| c | Цена, тираж | 440.00 | ||
| 040 | a | Служба первич. каталог. | НБ ТвГУ | |
| 041 | a | Код языка текста | rus | |
| 080 | a | Индекс УДК | 548(075.8) | |
| 084 | a | Индекс другой классификации/Индекс ББК | В37я73-1 | |
| a | Индекс другой классификации/Индекс ББК | Г522я73-1 | ||
| 090 | x | Авторский знак | Е30 | |
| a | Полочн. индекс | В37 | ||
| 100 | 2_ | a | Автор | Егоров-Тисменко Юрий Клавдиевич |
| 245 | 10 | a | Заглавие | Кристаллография и кристаллохимия |
| b | Продолж. заглавия | учеб. для студентов вузов, обучающихся по специальности "Геология" | ||
| c | Ответственность | Ю. К. Егоров-Тисменко | ||
| 260 | 0_ | a | Место издания | Москва |
| b | Издательство | Университет | ||
| c | Дата издания | 2005 | ||
| 300 | a | Объем | 587 с. | |
| b | Иллюстрации/ тип воспроизводства | ил., табл. | ||
| c | Размеры | 25см. | ||
| 500 | a | Примечание | Посвящ. 250-летию Моск. гос. ун-та. | |
| 504 | a | Библиография | Библиогр.: с. 583-585. -Предм. указ.: с. 559-582. | |
| 583 | a | Действие | Получение впервые 157 02.05.2006 | |
| k | Исполнитель действия | Дар ООО"Книжный мир" | ||
| 650 | a | Основная рубрика | Кристаллография | |
| x | Основная подрубрика | Учебники для вузов | ||
| 650 | a | Основная рубрика | Кристаллохимия | |
| 653 | a | Ключевые слова | Кристаллография | |
| a | Ключевые слова | Кристаллохимия | ||
| 700 | 1_ | a | Другие авторы | Урусов В. С. |
| e | Роль лиц | ред. | ||
| 852 | t | Порядковый номер экземпляра | 1 | |
| p | Инвентарный номер | 840853 | ||
| 863 | t | 00143562 | ||
| 888 | a | Бесплатные | ||
| 930 | a | Новая/Ретро | учебники | |
| 952 | p | 157.2006 440.00 1 840853 | ||
| c | Вид литературы | К ру | ||
| 954 | a | Дата поступления на обработку | 20060522 | |
| 999 | a | Подразделение 2 | Фил3 |